000
00483nam a2200145Ia 4500
008
100204s9999 xx 000 0 und d
082
_b
5725
100
_a
सावरकर विनायक दामोदर
245
_a
क्ष किरणे
260
_b
"वीर सावरकर प्रकाशन , मुंबई"
_c
1982 4
300
_a
131
630
_a
क्ष किरणे
730
_a
क्ष किरणे
942
_c
BOOK
999
_c
450267
_d
450264